Dunajské výskumné centrum - Gabčíkovo

Uložené v:
Podrobná bibliografia
Hlavný autor: Tomášová, Lýdia (Autor)
Ďalší autori: Ilkovič, Ján (Vedúci práce)
Médium: Rukopis Kniha
Jazyk:Slovak
Vydavateľské údaje: Bratislava 2021
Predmet:
On-line prístup:http://is.stuba.sk/zp/portal_zp.pl?podrobnosti=160021
Tagy: Pridať tag
Žiadne tagy, Buďte prvý, kto otaguje tento záznam!

MARC

LEADER 00000ntm a22000003a 4500
001 stuzp83465
003 SK-STU
005 20220218073830.8
007 ta
008 150427s2015----xo-----f-mn---000-0-slo-d
040 |a STU  |b slo 
041 0 |a slo 
100 1 |a Tomášová, Lýdia  |u 054140  |4 aut  |U FAD Fakulta architektúry a dizajnu  |T FAD Ústav konštrukcií v architektúre a inžinierskych stavieb  |X 82381  |U A4140  |Y 395  |7 82381 
242 0 1 |a Danube Research Center - Gabčíkovo  |y eng 
245 1 0 |a Dunajské výskumné centrum - Gabčíkovo 
260 |c 2021  |a Bratislava 
650 4 |a veda  |2 slo 
650 4 |a výskum  |2 slo 
650 4 |a vzdelávanie  |2 slo 
650 4 |a research  |2 eng 
650 4 |a science  |2 eng 
650 4 |a education  |2 eng 
700 1 |a Ilkovič, Ján  |u 054140  |k Z1  |4 ths  |U FAD Fakulta architektúry a dizajnu  |T FAD Ústav konštrukcií v architektúre a inžinierskych stavieb  |X 418  |U A4140  |Y 395  |7 A000000418 
856 4 |u http://is.stuba.sk/zp/portal_zp.pl?podrobnosti=160021  |u https://opac.crzp.sk/?fn=detailBiblioForm&sid=0C216CD716E18223022E05AAC853